000 00667nam a2200181Ia 4500
008 151202s9999||||xx |||||||||||||| ||und||
082 _bPNVM-84947
100 _aनवरे अरविंद नीळकंठ
245 _aझलक-चिनी जीवनाची.
260 _b"उत्कर्ष प्रकाशन,पुणे 04."
260 _c2009
300 _a102
600 _aनवरे अरविंद नीळकंठ
630 _aझलक-चिनी जीवनाची.
700 _aनवरे अरविंद नीळकंठ
730 _aझलक-चिनी जीवनाची.
942 _cBOOK
999 _c1349799
_d1349796